| 000 | 01139cam a22002054a 4500 | ||
|---|---|---|---|
| 005 | 20250605164139.0 | ||
| 008 | 250528s ||||||||||||||||||||||||d | ||
| 035 | _a18901 | ||
| 020 | _a130934283 | ||
| 040 |
_aGR-AtMCL _bgre _dGR-AtMCL _eAACR2 |
||
| 245 | 1 | _aLanguage Reference for Business English / Grammar, Functions and Communications Skills | |
| 260 |
_bPrentice Hall International, _c1992 |
||
| 300 | _a234 | ||
| 520 | _aThis book is both the core reference for the business Management English series and a valuable book in its own right. Language, Grammar, Verbs - Main Tenses, Verbs - Other Forms, Verbs - Auxiliaries and Modals, Verbs - Voice, Verbs - Other, Sentence and Clause Types, Nouns, Adjectives and Adverbs, Determiners, Propositions, Functions, Information - Handling, Expressing Attitudes, Describing Logical and Personal Relations, Communication, Presentations, Meetings, Telephoning, Letter-Writing, Report - Writing, Social Language, Checklist for Effective Communication, Index. | ||
| 700 | 1 |
_aBrieger Nick _95185 |
|
| 700 | 1 |
_aComfort Jeremy _95186 |
|
| 942 | _cBK | ||
| 999 |
_c4205 _d4205 |
||